道路標識に使われる基準地 - Statistics

General Stats
  • This quiz has been taken 21 times
  • The average score is 57 of 63
Answer Stats
都道府県 基準地 % Correct
北海道 札幌
100%
北海道 函館
95%
北海道 室蘭
95%
北海道 旭川
95%
北海道 稚内
95%
北海道 釧路
95%
青森県 青森
95%
岩手県 盛岡
95%
宮城県 仙台
95%
秋田県 秋田
95%
山形県 山形
95%
福島県 福島
95%
茨城県 水戸
95%
栃木県 宇都宮
95%
群馬県 前橋
95%
東京都 東京
95%
新潟県 新潟
95%
富山県 富山
95%
石川県 金沢
95%
福井県 福井
95%
山梨県 甲府
95%
長野県 長野
95%
長野県 松本
95%
岐阜県 岐阜
95%
三重県
95%
滋賀県 大津
95%
京都府 京都
95%
大阪府 大阪
95%
兵庫県 神戸
95%
奈良県 奈良
95%
和歌山県 和歌山
95%
島根県 松江
95%
岡山県 岡山
95%
広島県 広島
95%
山口県 下関
95%
徳島県 徳島
95%
香川県 高松
95%
愛媛県 松山
95%
高知県 高知
95%
福岡県 福岡
95%
福岡県 北九州
95%
佐賀県 佐賀
95%
長崎県 長崎
95%
熊本県 熊本
95%
大分県 大分
95%
宮崎県 宮崎
95%
鹿児島県 鹿児島
95%
沖縄県 那覇
95%
北海道 網走
89%
北海道 帯広
89%
北海道 根室
89%
群馬県 高崎
89%
静岡県 静岡
89%
愛知県 名古屋
89%
鳥取県 鳥取
89%
愛媛県 今治
89%
北海道 留萌
84%
島根県 浜田
84%
愛媛県 宇和島
84%
高知県 室戸
74%
沖縄県 名護
74%
北海道 浦河
42%
高知県 四万十市
26%
No matching quizzes found
Score Distribution
Percent of People with Each Score
Percentile by Number Answered
Your Score History
You have not taken this quiz